Central Library, Doon University
WEBOPAC (ONLINE PUBLIC ACCESS CATALOGUE)

Core Java (Record no. 60798)

MARC details
000 -LEADER
fixed length control field 00492nam a22001937a 4500
005 - DATE & TIME
control field 20260604120121.0
008 - FIXED-LENGTH DATA ELEMENTS--GENERAL INFORMATION
fixed length control field 260514b |||||||| |||| 00| 0 eng d
020 ## - ISBN
International Standard Book Number 9789367136652
Price 1160.00
040 ## - CATALOGING SOURCE
Original cataloging agency Doon University
041 ## - Language
Language English
082 ## - DDC NUMBER
Classification number 005.133
Book Number HOR
100 ## - MAIN ENTRY--PERSONAL NAME
Personal name Horstmann, Cay S.
245 ## - TITLE STATEMENT
Title Core Java
Sub Title : Advanced Features
250 ## - EDITION STATEMENT
Edition statement 13th
260 ## - PUBLICATION, DISTRIBUTION, ETC. (IMPRINT)
Place of publication, distribution, etc Noida
Name of publisher, distributor, etc Pearson
Date of publication, distribution, etc 2025
300 ## - PHYSICAL DESCRIPTION
Pages 866
Other Details Vol. 2nd
650 ## - Subject
Subject Computer Science (PM (USHA)
942 ## - ADDED ENTRY ELEMENTS (KOHA)
Koha item type Books
650 ## - Subject
-- 26808
952 ## - LOCATION AND ITEM INFORMATION (KOHA)
-- 2026-05-14
952 ## - LOCATION AND ITEM INFORMATION (KOHA)
-- 2026-06-04
952 ## - LOCATION AND ITEM INFORMATION (KOHA)
-- 2026-06-04
Holdings
Withdrawn status Lost status Source of classification or shelving scheme Damaged status Not for loan Location (home branch) Sublocation or collection (holding branch) Date acquired Koha issues (times borrowed) Koha full call number Accession No. Koha date last seen Koha item type
          Doon University Doon University 14.05.2026   005.133 HOR 33156 14.05.2026 Books
          Doon University Doon University 04.06.2026   005.133 HOR 34473 04.06.2026 Books
          Doon University Doon University 04.06.2026   005.133 HOR 34474 04.06.2026 Books
Contact : +91-135-2533126 (Library),+91-135-2533105 (Admin Office) , Email : doonlibrary@gmail.com

Powered by Koha